[Event "EU-ch (Women) 24th"]
[Site "Rhodes"]
[Date "2024.04.21"]
[Round "3"]
[White "Piddubna, Bozhena"]
[Black "Heinemann, Josefine"]
[Result "1-0"]
[WhiteElo "2005"]
[BlackElo "2303"]
[PlyCount "141"]
[EventDate "2024.04.19"]
[EventType "swiss"]
[EventRounds "10"]
[EventCountry "GRE"]
[SourceTitle "CB18_2024"]
[SourceDate "2024.05.01"]
[SourceVersion "1"]
[SourceVersionDate "2024.05.01"]
[SourceQuality "2"]

1. d4 Nf6 2. c4 e6 3. Nc3 Bb4 4. Qc2 d5 5. a3 Bxc3+ 6. Qxc3 0-0 7. Nf3 dxc4 8. Qxc4 b6 9. Bg5 Bb7 10. Ne5 Nbd7 11. Rd1 h6 12. Nxd7 Qxd7 13. Bxf6 gxf6 14. h4 Rad8 15. Rh3 c5 16. Qc1 Kh7 17. Qf4 f5 18. Rhd3 Qb5 19. R3d2 c4 20. e3 Rd7 21. d5 Bxd5 22. Bxc4 Qa5 23. b4 Qxa3 24. Bxd5 Rxd5 25. Rxd5 exd5 26. Qxf5+ Kh8 27. Qf6+ Kh7 28. Qf5+ Kh8 29. Rd4 Qc3+ 30. Ke2 Qc6 31. Kf3 a5 32. bxa5 bxa5 33. Qe5+ Kh7 34. Qe7 Qe8 35. Qd6 Qd8 36. Qf4 Kg7 37. Qf5 Qd6 38. Rxd5 Qc6 39. Qg4+ Kh8 40. Qd4+ Kg8 41. Kg3 Kh7 42. Qe4+ Kh8 43. Qe5+ Kh7 44. Kh2 Qe6 45. Rxa5 Qxe5+ 46. Rxe5 Ra8 47. h5 Ra2 48. Rf5 Kg7 49. g4 Ra4 50. Kg3 Rb4 51. f4 Ra4 52. Rb5 Ra3 53. Kf3 Ra4 54. g5 hxg5 55. Rxg5+ Kh7 56. Rf5 Ra7 57. Kg4 Re7 58. Re5 Ra7 59. e4 Kg7 60. Kf5 Ra1 61. h6+ Kf8 62. Rb5 Rh1 63. Rb6 Rh5+ 64. Kg4 Rh1 65. f5 Rh2 66. Kf4 Rh1 67. Ke5 Rh5 68. Kd5 Ke7 69. e5 Rxf5 70. Rb7+ Kf8 71. Rb8+ 1-0

[Event "Titled Tuesday intern op 19th Dec Early"]
[Site "Chess.com INT"]
[Date "2023.12.19"]
[Round "9"]
[White "Piddubna, Bozhena"]
[Black "Reprintsev, Alexander"]
[Result "0-1"]
[WhiteElo "2035"]
[BlackElo "2239"]
[PlyCount "108"]
[EventDate "2023.12.19"]
[EventType "swiss (blitz)"]
[EventRounds "11"]
[EventCountry "USA"]
[SourceTitle "CB52_2023"]
[SourceDate "2023.12.27"]
[SourceVersion "1"]
[SourceVersionDate "2023.12.27"]
[SourceQuality "1"]

1. d4 d5 2. Nf3 Nc6 3. g3 Bf5 4. Bg2 Nb4 5. Na3 e6 6. 0-0 h6 7. c3 Nc6 8. Nc2 Nf6 9. a4 Be7 10. a5 0-0 11. b4 a6 12. Re1 Be4 13. Na3 Bd6 14. Nb1 e5 15. Nbd2 Bh7 16. dxe5 Nxe5 17. Nxe5 Bxe5 18. Bb2 c6 19. Nf3 Bc7 20. Qb3 Re8 21. Rad1 Qe7 22. c4 dxc4 23. Qxc4 Be4 24. Bd4 Bd5 25. Qc3 Ne4 26. Qb2 f6 27. Nh4 Qf7 28. Nf5 Rad8 29. Ne3 Bb3 30. Rc1 Nd6 31. Bc5 Nb5 32. h4 Be6 33. Rcd1 Be5 34. Qb1 Rxd1 35. Qxd1 Bc3 36. Rf1 Bb3 37. Qd3 Be6 38. Rc1 Be5 39. Rd1 Bc7 40. Bf3 Rd8 41. Qb1 Rxd1+ 42. Qxd1 Qe8 43. Bg4 Bxg4 44. Nxg4 Qd8 45. Qxd8+ Bxd8 46. Ne3 Kf7 47. Nc4 Be7 48. Bxe7 Kxe7 49. e4 Nc3 50. f3 Na2 51. e5 Nxb4 52. exf6+ gxf6 53. Kf2 Nd5 54. g4 b5 0-1

[Event "Wch U14 Girls"]
[Site "Montesilvano"]
[Date "2023.11.22"]
[Round "9"]
[White "Piddubna, Bozhena"]
[Black "Gaszka, Zuzanna"]
[Result "1-0"]
[WhiteElo "2081"]
[BlackElo "1758"]
[PlyCount "55"]
[EventDate "2023.11.13"]
[EventType "swiss"]
[EventRounds "11"]
[EventCountry "ITA"]
[SourceTitle "CB48_2023"]
[SourceDate "2023.11.29"]
[SourceVersion "1"]
[SourceVersionDate "2023.11.29"]
[SourceQuality "1"]

1. Nf3 Nf6 2. g3 e6 3. Bg2 c5 4. c4 d5 5. d4 cxd4 6. 0-0 Nc6 7. cxd5 Nxd5 8. Nxd4 Be7 9. Nc3 Nxc3 10. bxc3 Bd7 11. Rb1 e5 12. Nxc6 Bxc6 13. Bxc6+ bxc6 14. Qa4 Qc7 15. Qa6 Bc5 16. Qc4 Bb6 17. Ba3 c5 18. Qa4+ Qd7 19. Qe4 0-0 20. Rfd1 Qe6 21. Rd5 Rfe8 22. Bxc5 Bxc5 23. Rxc5 Qxa2 24. Rbb5 f6 25. Rb7 Rab8 26. Rcc7 Rxb7 27. Qxb7 Qa1+ 28. Kg2 1-0

[Event "EU-ch U14 Girls rapid"]
[Site "Terme Catez"]
[Date "2023.09.28"]
[Round "6"]
[White "Piddubna, Bozhena"]
[Black "Gaszka, Zuzanna"]
[Result "1-0"]
[WhiteElo "1977"]
[BlackElo "1553"]
[PlyCount "107"]
[EventDate "2023.09.28"]
[EventType "swiss (rapid)"]
[EventRounds "9"]
[EventCountry "SLO"]
[SourceTitle "EXT 2024"]
[Source "ChessBase"]
[SourceDate "2023.10.10"]
[SourceVersion "1"]
[SourceVersionDate "2023.10.10"]
[SourceQuality "1"]

1. d4 Nf6 2. c4 g6 3. Nf3 Bg7 4. g3 0-0 5. Bg2 d6 6. Nc3 Nc6 7. 0-0 Bf5 8. Ne1 Qc8 9. e4 Bg4 10. f3 Bh3 11. Be3 Bxg2 12. Kxg2 e5 13. d5 Ne7 14. c5 Ne8 15. b4 f5 16. Rc1 h6 17. Bf2 Qd7 18. a4 Nf6 19. Qe2 fxe4 20. fxe4 Ng4 21. Nd3 Nxf2 22. Rxf2 Rxf2+ 23. Qxf2 Rf8 24. Qe2 h5 25. b5 Bh6 26. Rf1 b6 27. Rxf8+ Kxf8 28. cxb6 cxb6 29. Nb4 Kg7 30. Nc6 Nc8 31. Nd1 Qf7 32. Nb2 Qd7 33. Nd3 Bg5 34. Qf3 Bf6 35. h3 Qc7 36. Ne1 Qd7 37. Nc2 Qc7 38. Ne3 Bg5 39. Nc4 Bf6 40. Qf2 Bg5 41. Qe2 Bf6 42. Qf3 Bg5 43. h4 Bf6 44. g4 hxg4 45. Qxg4 Kh6 46. Ne3 Ne7 47. Kh3 Kh7 48. Qe6 Qc8 49. Nxe7 Qxe6+ 50. dxe6 Bxe7 51. Nd5 Kg7 52. Nxe7 Kf6 53. Nd5+ Kxe6 54. Kg4 1-0